Lízingový trh neostáva nedotknutý. Vývoj financovania obstarania investícií a predmetov dlhodobej spotreby lízingovými spoločnosťami na Slovensku
Obchody lízingových spoločností. Financovanie hnuteľných vecí. Vývoj obchodu lízingového trhu v SR. Podnikateľská sféra a obchody na lízingovom trhu. Spotrebitelia. Osobné automobily. Nehnuteľnosti Rozdelenie trhu.
Salvato in:
| Autore principale: | |
|---|---|
| Natura: | Capitolo di libro |
| Lingua: | slovacco |
| Soggetti: | |
| Tags: |
Nessun Tag, puoi essere il primo ad aggiungerne!!
|
MARC
| LEADER | 00000naa$a2200000$$$4500 | ||
|---|---|---|---|
| 001 | 0093609 | ||
| 005 | 20231019090658.5 | ||
| 041 | 0 | |a slo | |
| 044 | |a SK | ||
| 245 | 1 | 0 | |a Lízingový trh neostáva nedotknutý. Vývoj financovania obstarania investícií a predmetov dlhodobej spotreby lízingovými spoločnosťami na Slovensku |c Pavol Poklemba |
| 520 | |a Obchody lízingových spoločností. Financovanie hnuteľných vecí. Vývoj obchodu lízingového trhu v SR. Podnikateľská sféra a obchody na lízingovom trhu. Spotrebitelia. Osobné automobily. Nehnuteľnosti Rozdelenie trhu. | ||
| 610 | 2 | 0 | |a trhy |
| 610 | 2 | 0 | |a obchod |
| 610 | 2 | 0 | |a lízing |
| 610 | 2 | 0 | |a financovanie |
| 610 | 2 | 0 | |a nehnuteľnosti |
| 100 | 1 | |a Poklemba, Pavol | |